01894naa a2200253 i 45000010005000000030009000050050017000140080039000310400021000700410013000910800010001041000141001142450160002552460080004155000021004955200536005166500023010526500037010756550030011127000139011427000141012817110064014227730154014865892KOSZ 00520180430130939.0140522s2002 pl f |100 0 pol cBPKdKOSZ 005/HR apolbeng a533.51 aMYŚLIŃSKI, Piotr.d1996 - .bPolitechnika Koszalińska - Wydział Mechaniczny,cŚrodowiskowe Laboratorium Techniki Próżniowej aTermiczna metoda badań relaksacji naprężeń własnych w warstwach adhezyjnych /cPiotr Myśliński, Witold Precht, Paweł Kamasa, Andrzej Wąsik.31aThermal method of the investigation of residual stresses in adhesive layers aDane z autopsji. aArtykuł zawiera opis wdrażanej w Politechnice Koszalińskiej metody badań relaksacji naprężeń własnych w antyściernych warstwach cienkich osadzanych próżniowo-plazmowymi metodami PVD. Przedstawiony w artykule termoanalizator, projektu własnego, umożliwia jednoczesne prowadzenie termicznej analizy różnicowej DTA, dylatometrycznej DIL i termomagnetometrycznej TM, w tym również z zastosowaniem modulowanych zmian temperatury badanych próbek. Przedstawiono również przykładowe rezultaty badań. 0aPowłoki ochronne. 0aNaprężenia i odkształcenia. 0aMateriały konferencyjne.1 aPRECHT, Witold.d1996 - 2003.bPolitechnika Koszalińska - Wydział Mechaniczny,cŚrodowiskowe Laboratorium Techniki Próżniowej1 aWĄSIK, Andrzej.d1998 - 2001.bPolitechnika Koszalińska - Wydział Mechaniczny,cŚrodowiskowe Laboratorium Techniki Próżniowej22aSzkoła Letnia Mielno 2002n(13 ;d2002 ;cMielno, Polska). iW :tModern Plasma Surface Technology : 13 Międzynarodowa Szkoła Letnia Mielno'2002, 02-05.09.2002 / red. nauk. Witold Precht. -g2002, s. 155-173